[Event "Stuttgarter Stadtmeisterschaft B-Turnier"]
[Site "Ditzingen"]
[Date "2009.05.24"]
[Round "7.47"]
[White "Naundorf, Jo-Jan"]
[Black "Hennig, Jan"]
[Result "1-0"]
[WhiteElo "1796"]
[BlackElo "1534"]
[PlyCount "69"]
[EventDate "2009.??.??"]
[WhiteTeam "SF Oeffingen e.V."]
[BlackTeam "SF 59 Kornwestheim"]

1. e4 d6 2. Nf3 Nf6 3. Nc3 g6 4. d4 Bg7 5. Be2 c5 6. dxc5 Qa5 7. Nd2 Qxc5 8.
Nb3 Qc7 9. Be3 a6 10. f3 Bd7 11. Qd2 O-O 12. Bh6 Nc6 13. Bxg7 Kxg7 14. O-O-O
Rac8 15. g4 Be6 16. h4 Rfd8 17. h5 d5 18. hxg6 fxg6 19. Qh6+ Kf7 20. g5 Nb4 21.
gxf6 Nxa2+ 22. Kb1 Nxc3+ 23. bxc3 Kxf6 24. Qh4+ Kf7 25. Qxh7+ Kf6 26. Qh4+ Kf7
27. Rdg1 Qxc3 28. Qh7+ Ke8 29. Qh8+ Kd7 30. Qxc3 Rxc3 31. Rxg6 Rdc8 32. Nd4 Bf7
33. Rg7 Be6 34. Rh6 Rg8 35. Nxe6 1-0

[Event "Stuttgarter Stadtmeisterschaft B-Turnier"]
[Site "Ditzingen"]
[Date "2009.05.24"]
[Round "7.48"]
[White "Marx, Alexander"]
[Black "Gibicar, Miran"]
[Result "1-0"]
[WhiteElo "1701"]
[BlackElo "1438"]
[PlyCount "51"]
[EventDate "2009.??.??"]
[WhiteTeam "Pinneberger SC 1932 eV"]
[BlackTeam "SAbt VfL Sindelfingen"]

1. d4 Nf6 2. c4 e6 3. Nc3 Bb4 4. Bd2 d5 5. e3 c5 6. dxc5 Bxc5 7. cxd5 O-O 8.
Nf3 exd5 9. Nb5 Nc6 10. Bc3 Bg4 11. Be2 Re8 12. O-O Ne4 13. Bd4 Nxd4 14. Nbxd4
Qf6 15. Rc1 Rac8 16. Rc2 a6 17. Qc1 Bd6 18. h3 Bxh3 19. gxh3 Qg6+ 20. Kh1 Ng3+
21. fxg3 Qxg3 22. Bd3 Qxh3+ 23. Kg1 Rxe3 24. Qxe3 h5 25. Bf5 Bh2+ 26. Rxh2 1-0

[Event "Stuttgarter Stadtmeisterschaft B-Turnier"]
[Site "Ditzingen"]
[Date "2009.05.24"]
[Round "7.49"]
[White "Schmidt, Heiko"]
[Black "Riepert, Steffen"]
[Result "0-1"]
[WhiteElo "1493"]
[BlackElo "1641"]
[PlyCount "134"]
[EventDate "2009.??.??"]
[WhiteTeam "SC Stetten a.d.F."]
[BlackTeam "SF Nabern"]

1. d4 e6 2. Nf3 Nf6 3. Bf4 d5 4. e3 c5 5. c3 Nc6 6. Bd3 c4 7. Bc2 b5 8. Nbd2 h6
9. b4 a6 10. O-O Bd6 11. Ne5 Qc7 12. Ndf3 Nd7 13. Nxc6 Qxc6 14. Ne5 Nxe5 15.
dxe5 Be7 16. Re1 Bb7 17. f3 O-O 18. Qe2 Qc8 19. Bb1 Bg5 20. Qc2 g6 21. Bg3 Qd8
22. Bf2 Be7 23. Qe2 a5 24. Qb2 axb4 25. cxb4 Qc7 26. e4 Rfc8 27. Bc2 c3 28. Qb1
dxe4 29. Bxe4 Bxe4 30. Qxe4 Qc4 31. Qc2 Rd8 32. Rac1 Rd2 33. Qxc3 Qxc3 34. Rxc3
Raxa2 35. Rc8+ Kg7 36. Bg3 Bxb4 37. Rb1 Rxg2+ 38. Kf1 Rgb2 39. Rcc1 Bd2 40. Rd1
g5 41. Ke2 Bf4+ 42. Kd3 Ra3+ 43. Ke4 Re2+ 44. Kd4 Ra4+ 45. Kc5 Rxe5+ 46. Kc6
Bxg3 47. hxg3 Rf5 48. Rd3 b4 49. g4 Rf4 50. Kb5 Ra3 51. Rbb3 Rxb3 52. Rxb3 Kg6
53. Kc5 h5 54. gxh5+ Kxh5 55. Kd6 g4 56. fxg4+ Kxg4 57. Ke5 Kg5 58. Rg3+ Rg4
59. Rf3 Kg6 60. Rf6+ Kg7 61. Rf3 Rg1 62. Rf4 b3 63. Rf2 Rb1 64. Rg2+ Kf8 65.
Kf6 b2 66. Rh2 Rf1+ 67. Ke5 b1=Q 0-1

[Event "Stuttgarter Stadtmeisterschaft B-Turnier"]
[Site "Ditzingen"]
[Date "2009.05.24"]
[Round "7.50"]
[White "Winterkorn, Nikolaus"]
[Black "Giugno, Carmelo"]
[Result "0-1"]
[WhiteElo "1449"]
[BlackElo "1549"]
[PlyCount "100"]
[EventDate "2009.??.??"]
[WhiteTeam "SC Stuttgart-Ost e.V.82"]
[BlackTeam "Stuttgarter SF 1879"]

1. d4 g6 2. Nf3 Nf6 3. Bf4 d6 4. Nbd2 Bg7 5. e4 Bg4 6. Be2 Nbd7 7. h3 Bxf3 8.
Bxf3 e5 9. Be3 exd4 10. Bxd4 c5 11. Bc3 Rb8 12. Rb1 b5 13. b3 Ne5 14. Be2 Qb6
15. O-O a6 16. Kh1 Qc6 17. f4 Ned7 18. Bf3 Qc7 19. Re1 O-O 20. e5 dxe5 21. Bxe5
Nxe5 22. fxe5 Nd7 23. e6 Ne5 24. exf7+ Nxf7 25. Ne4 Rbd8 26. Qe2 Rfe8 27. Red1
Nd6 28. Rd3 Nf5 29. Rxd8 Qxd8 30. Rd1 Qb8 31. Qd3 Kh8 32. Bg4 Rxe4 33. Bxf5
gxf5 34. Qd5 Re5 35. Qd8+ Re8 36. Qd7 Qc8 37. Qd5 Bd4 38. Qf3 Qe6 39. c3 Be3
40. Re1 Qe4 41. Qh5 Rg8 42. Qe2 Rg3 43. Kh2 Qe5 44. Qd3 Rg8+ 45. Kh1 Qg3 46.
Re2 f4 47. Qf5 Qg6 48. Qe5+ Qg7 49. Qe6 Qxc3 50. Qxa6 Qc1+ 0-1

[Event "Stuttgarter Stadtmeisterschaft B-Turnier"]
[Site "Ditzingen"]
[Date "2009.05.24"]
[Round "7.51"]
[White "Rühl, Volker"]
[Black "Heilmeier, Tom"]
[Result "1-0"]
[WhiteElo "1873"]
[BlackElo "1342"]
[PlyCount "53"]
[EventDate "2009.??.??"]
[WhiteTeam "SAbt VfL Sindelfingen"]
[BlackTeam "SC Grunbach"]

1. e4 e6 2. d4 d5 3. Nc3 Nf6 4. e5 Nfd7 5. f4 c5 6. Nf3 Nc6 7. Be3 Qb6 8. Rb1
c4 9. Be2 Bb4 10. Qd2 O-O 11. O-O Qa6 12. a3 Bxc3 13. Qxc3 Qa5 14. Qxa5 Nxa5
15. Nh4 Nb6 16. f5 exf5 17. Nxf5 Bxf5 18. Rxf5 Rfe8 19. Bf3 Rad8 20. Bg5 Rd7
21. Bg4 Rc7 22. Rbf1 Na4 23. Bc1 Nc6 24. c3 h6 25. R5f2 Nd8 26. h4 Rc6 27. Bd7
1-0

[Event "Stuttgarter Stadtmeisterschaft B-Turnier"]
[Site "Ditzingen"]
[Date "2009.05.24"]
[Round "7.52"]
[White "Reiß, Michael"]
[Black "Wolff, Cascal"]
[Result "1-0"]
[WhiteElo "1358"]
[BlackElo "1802"]
[PlyCount "91"]
[EventDate "2009.??.??"]
[WhiteTeam "SK 1926 Ettlingen"]
[BlackTeam "SAbt TSV Willsbach"]

1. e4 c5 2. Nf3 Nc6 3. d4 cxd4 4. Nxd4 d6 5. Nc3 g6 6. Be3 Bg7 7. Bb5 Bd7 8.
Qd2 Nxd4 9. Bxd7+ Qxd7 10. Bxd4 Nf6 11. O-O-O O-O 12. h3 Qd8 13. Kb1 Re8 14. g4
b6 15. Be3 Nd7 16. Bh6 Nc5 17. Bxg7 Kxg7 18. h4 Rh8 19. Rdg1 f6 20. f4 e5 21.
f5 a6 22. g5 b5 23. gxf6+ Qxf6 24. fxg6 hxg6 25. Rf1 Qe6 26. Qg5 Raf8 27. Rxf8
Rxf8 28. h5 Rh8 29. b4 Nd7 30. Nd5 Nf6 31. Qxg6+ Kf8 32. Qxf6+ Qxf6 33. Nxf6
Kf7 34. Nd5 Ke6 35. h6 Kf7 36. h7 Kg7 37. Nc7 Rxh7 38. Rxh7+ Kxh7 39. Nxa6 Kg6
40. Nc7 Kg5 41. Nxb5 Kf4 42. Nxd6 Ke3 43. b5 Kd4 44. b6 Kc5 45. b7 Kxd6 46.
b8=Q+ 1-0

[Event "Stuttgarter Stadtmeisterschaft B-Turnier"]
[Site "Ditzingen"]
[Date "2009.05.24"]
[Round "7.53"]
[White "Lebeda, Lukas"]
[Black "Witt, Holger"]
[Result "0-1"]
[WhiteElo "1710"]
[BlackElo "1555"]
[PlyCount "72"]
[EventDate "2009.??.??"]
[WhiteTeam "SF Deizisau"]
[BlackTeam "SC 1934 Viernheim"]

1. c4 Nf6 2. Nc3 c5 3. g3 g6 4. Bg2 Bg7 5. Nf3 O-O 6. d4 cxd4 7. Nxd4 Nc6 8.
O-O Nxd4 9. Qxd4 d6 10. Qd2 Rb8 11. b3 Bd7 12. Bb2 Qc8 13. Nd5 Nxd5 14. Bxg7
Kxg7 15. Qxd5 Bh3 16. Qd4+ Kg8 17. Qxa7 Bxg2 18. Kxg2 Qe6 19. Rfe1 Qe4+ 20. f3
Qe5 21. a4 b6 22. Qd7 Rfd8 23. Qb5 Qc3 24. Rab1 Rdc8 25. Qd5 Rc5 26. Qe4 Re5
27. Qd3 Qb4 28. Rbc1 Qc5 29. e4 Qc8 30. f4 Rh5 31. Qf3 Qh3+ 32. Kg1 Qxh2+ 33.
Kf1 Qd2 34. Qe2 Qd4 35. Qf2 Rh1+ 36. Kg2 Rh2+ 0-1

[Event "Stuttgarter Stadtmeisterschaft B-Turnier"]
[Site "Ditzingen"]
[Date "2009.05.24"]
[Round "7.54"]
[White "Sigmund, Wolfgang"]
[Black "Trobonjaca, Milos"]
[Result "1-0"]
[WhiteElo "1484"]
[BlackElo "1665"]
[PlyCount "89"]
[EventDate "2009.??.??"]
[WhiteTeam "SC Eberbach"]
[BlackTeam "SC Waiblingen 1921"]

1. d4 d5 2. c4 c6 3. e3 Nf6 4. Nc3 Bf5 5. Qb3 Bc8 6. Nf3 g6 7. cxd5 cxd5 8.
Bb5+ Nc6 9. Ne5 Qd6 10. e4 Be6 11. Nxc6 bxc6 12. e5 Qd7 13. Ba6 Ne4 14. Na4 h6
15. f3 Ng5 16. Bd2 Bg7 17. Ba5 O-O 18. Nc5 Qe8 19. Bc7 Bc8 20. Be2 Ne6 21. Nxe6
Bxe6 22. Rc1 Rc8 23. Qb7 Bd7 24. O-O Kh7 25. Rc5 f6 26. e6 Bxe6 27. Rxc6 Qf7
28. Ba6 f5 29. Qxa7 Ra8 30. Qb6 Bd7 31. Rc2 Bc8 32. Bxc8 Rfxc8 33. b3 e6 34.
Rfc1 h5 35. a4 Qg8 36. a5 Re8 37. f4 Qh8 38. Be5 Rab8 39. Qc7 Rxb3 40. Qd7 Kh6
41. Bxg7+ Qxg7 42. Qxe8 Qxd4+ 43. Kh1 Qxf4 44. a6 Ra3 45. Qf8+ 1-0

[Event "Stuttgarter Stadtmeisterschaft B-Turnier"]
[Site "Ditzingen"]
[Date "2009.05.24"]
[Round "7.55"]
[White "Grunow, Carmen"]
[Black "Sievers, Gerda"]
[Result "1/2-1/2"]
[WhiteElo "1486"]
[BlackElo "1232"]
[PlyCount "47"]
[EventDate "2009.??.??"]
[WhiteTeam "SF Biberach"]
[BlackTeam "SF Lichtenstein"]

1. e4 c5 2. Nf3 d6 3. d4 cxd4 4. Nxd4 Nf6 5. Nc3 g6 6. Bc4 e6 7. Nf3 Bg7 8. O-O
O-O 9. Re1 Nc6 10. Rb1 a6 11. a3 Qc7 12. Bg5 Ne5 13. Bb3 Ned7 14. Qd2 Re8 15.
Rbd1 Bf8 16. Bh6 Be7 17. h3 b5 18. Ng5 Ne5 19. f4 Nc4 20. Qe2 Qb6+ 21. Kh1 Nh5
22. Qf3 Bb7 23. Kh2 Rad8 24. g4 1/2-1/2

[Event "Stuttgarter Stadtmeisterschaft B-Turnier"]
[Site "Ditzingen"]
[Date "2009.05.24"]
[Round "7.56"]
[White "Schmidt, Tobias"]
[Black "Grözinger, Werner"]
[Result "1/2-1/2"]
[WhiteElo "1057"]
[BlackElo "1379"]
[PlyCount "71"]
[EventDate "2009.??.??"]
[WhiteTeam "SC Tamm 74"]
[BlackTeam "SV Stuttgart-Wolfbusch 1956 e.V."]

1. e4 c5 2. Nf3 Nc6 3. Bb5 Qb6 4. Bxc6 Qxc6 5. d3 d6 6. Nc3 g6 7. O-O Bg7 8.
Be3 b5 9. Qd2 b4 10. Nd1 f6 11. h3 e5 12. Re1 a5 13. c3 Be6 14. c4 h6 15. Qc2
Ne7 16. Rb1 a4 17. a3 b3 18. Qe2 f5 19. exf5 Nxf5 20. Bd2 Kd7 21. Nc3 Raf8 22.
Qe4 Qxe4 23. dxe4 Nd4 24. Nxd4 cxd4 25. Nd5 Rb8 26. f4 Rhf8 27. Rf1 Rf7 28.
fxe5 dxe5 29. Rxf7+ Bxf7 30. Rf1 Be6 31. Rf3 Kd6 32. Kf2 g5 33. g4 Bg8 34. Kg3
Be6 35. h4 gxh4+ 36. Kxh4 1/2-1/2